000 00807nam a2200289Ia 4500
001 22178
003 IT-RoPAU
008 130308s9999 xx 000 0 und d
040 _aIT-RoPAU
040 _cIT-RoPAU
041 _aITALIANO
100 _aRondolino Gianni
100 _gCodice Aut. SPICS: 1908
245 _aCinema strumento di pubblicitĂ  (Il)
245 _bCento Anni di Pubblicita' Nello Sviluppo Economico e nel costume Italiano
250 _a1a ed.
260 _aTORINO
260 _bSipra
260 _c1974 [1° Ed.:1974 - Ed.Ling.Originale:1974]
300 _a"20 p. (prefazione: no ; testo: 20 [pagine: 161-180])"
650 _aSTORIA NAZIONALE DELLA PUBBLICITA'
650 _eCodice materia Spics: 6209
942 _cBK
957 _71
999 _c48607
_d48607
999 _bSI
999 _g1